000 01055nam a2200277Ia 4500
001 Para_10421
003 CHAP
008 220125sOctu xx 000 0 und d
010 _a209101
040 _cCHAP
090 _aPA CD - TESIS 451
100 _aTrejo Díaz, Rosalía
_9129901
245 _aEfecto del fluensulfone en combinación con productos orgánico-biológicos sobre nematodos agalladores en agricultura protegida /
_c Rosalía Trejo Díaz y Jorge Antonio Vázquez Hernández; Director Anselmo de Jesús Cabrera Hidalgo
260 _aChapingo, Méx. :
_b el autor
300 _a1 CDS ROM (64 p.)
502 _aTesis (Ing. Agr. Esp. en Parasitología Agrícola). UACh. Departamento Parasitología Agrícola
700 _aCabrera Hidalgo, Anselmo de Jesús. Director
_9175311
710 _aUACh Departamento Parasitología Agrícola
901 _aPA CD - TESIS 451
902 _aM
905 _a513220Octubre, 2015 anm 8100000000 06
910 _aOctu
942 _cPARA
942 _cPARA
_d2
999 _c209101
_d209101